Rozpoznaj drużynę CS:GO po składzie! cz.2 - Statystyki

Ogólne statystyki
  • Ten quiz został rozwiązany 407 razy
  • Średni wynik to 6 z 23
Statystyki odpowiedzi
Skład Drużyna % Poprawnych
Xizt, JW, KRIMZ, Brollan, twist, Jumpy - trener fnatic
98%
JaCkz, shox, kennyS, AmaNEk, Lucky, maLeK - trener G2
78%
innocent, reatz, mono, STOMP, oskarish x-kom
54%
morelz, lunAtic, darko, Sobol, Sidney Actina PACT
47%
jdm64, FugLy, ANDROID, Nifty, s0m, Eley - trener EnVy
45%
Sico, dexter, malta, DickStacy, erkaSt, NeiL_M - trener Grayhound
32%
SIXER, MAJ3R, Happy, xms, roden, Ozstrik3r - trener LDLC
30%
mynio, sany, stark, crank, ponczek, Junior - trener AVEZ
29%
facecrack, xsepower, FL1T, almazer, Jerry, 5TRYK3R forZe
29%
advent, zhokiNg, aumaN, Kaze, Freeman ViCi
23%
CRUC1AL, SPELLAN, broky, Surreal, k1to, DroW - trener Epsilon
21%
HUNDEN, Bubski, b0RUP, acoR, sjuush Tricked
21%
zeff, XigN, HSK, stax, xeta, termi - trener MVP PK
19%
steel, freakazoid, koosta, WARDELL, neptune, JamezIRL - trener Ghost
18%
draken, disco doplan, freddieb, RuStY, Plopski Ancient
17%
fox, MUTiRiS, rmn, KILLDREAM, ZELIN, Alm - trener Giants
16%
FREDDyFROG, Relaxa, djL, Baaten, PlesseN, keita - trener Chaos
15%
food, MarKE, vanity, moose, Cooper, a2z - trener eUnited
11%
nak, exit, leo_druNky, RCF, jnt, coachi - trener Sharks
10%
swag, Subroza, dapr, Zellsis, Infinite, fRoD - trener Lazarus
9%
blackpoisoN, Sonic, Domsterr, Fadey, JT, T.C - trener ATK
7%
zewsy, ofnu, tucks, Texta, BL1TZ, ferg - trener Chiefs
7%
Savage, bottle, xiaosaGe, shuadapai, Viva 5POWER
6%
Nie znaleziono quizów pasujących do podanych kryteriów
Rozkład punktacji
Procent ludzi z każdym wynikiem
Percentyl według liczby udzielonych odpowiedzi
Twoja historia wyników
Nie rozwiązałeś tego quizu